00519nam a2200193 a 4500001001300000003000900013005001700022008004100039020000900080082001700089100002800106245003700134260005400171300000900225500003500234505001000269650001800279700002800297nice12345678IN_TiNIC20260116013443.0050524s1994 hyda grp 000 0 urd  ac8100a297.52bFAR1 aFarooqi, Mohd Rafiuddin aNamaazb Fazail, Ahkam Awr Adaab aHyderabad bMarkazi Anjuman Taleemus Salat c1994 a515p aincludes index and biblioraphy2 aIndex aIslam-Prayers1 aFarooqi, Mohd Rafiuddin